• 首页
  • 本馆介绍
  • 公告通知
  • 最新文献
  • 馆藏检索
  • 电子资源
  • 读者导购
  • 参考咨询
  • 我的图书馆
  • 登录
  • 详细信息显示
  • 放入我的书架
  • 预约/预借图书
  • 作者相关作品
  • 分类相关作品
  • 丛书相关作品
  • 出版社相关作品

书目信息

  • 表格格式
  • 工作单格式
  • 卡片格式
题名:
源头活水
    
 
作者: 王向远 编
分册:  
出版信息: 银川   宁夏人民出版社  2006
页数: 232页
开本: 21cm
丛书名:
单 册:
中图分类: I313.074 , I313.065
科图分类:
主题词: 历史小说--文学研究--日本--现代
电子资源:
ISBN: 7-227-03207-8
000 01111oam2 2200229 450
005 20070606204812.60
010    @a7-227-03207-8@dCNY34.00
100    @a20060204d2006 ekmy0chiy0120 ea
101 0  @achi
102    @aCN@b640000
105    @aa z 000yy
200 1  @a源头活水@Ayuan tou huo shui@e日本当代历史小说与中日历史文化@f王向远编
210    @a银川@c宁夏人民出版社@d2006
215    @a232页@c图@d21cm
330    @a本书是对当代日本的中国题材历史小说的综合研究。日本文学作品中,“历史小说”也称“时代小说”,是近现代文学中的一种重要的文学类型和样式。有许多作品涉及到中国历史文化,《三国志》《三国演义》等中国历史小说中的人物都成为日本中国历史题材小说中的人物。本书对日本当代历史小说与中国历史文化的关系进行了分析研究,文笔流畅,通俗易懂,是了解日本文化的一部好书。本书曾以人天249-1096征订过。
517 1  @a日本当代历史小说与中日历史文化@Ari ben dang dai li shi xiao shuo yu zhong ri li shi wen hua
606 0  @a历史小说@x文学研究@y日本@z现代
690    @aI313.074 @v4
690    @aI313.065@v3
701  0 @a王向远@Awang xiang yuan@4编
801  0 @aCN@bTAOJIN@c20070606
905    @a10447@dI313.065@e236
    
    源头活水:日本当代历史小说与中日历史文化/王向远编.-银川:宁夏人民出版社,2006
    232页:图;21cm
    
    
    ISBN 7-227-03207-8:CNY34.00
    本书是对当代日本的中国题材历史小说的综合研究。日本文学作品中,“历史小说”也称“时代小说”,是近现代文学中的一种重要的文学类型和样式。有许多作品涉及到中国历史文化,《三国志》《三国演义》等中国历史小说中的人物都成为日本中国历史题材小说中的人物。本书对日本当代历史小说与中国历史文化的关系进行了分析研究,文笔流畅,通俗易懂,是了解日本文化的一部好书。本书曾以人天249-1096征订过。
●
相关链接 在E读中查询图书 在五车中查询图书 在当当中查询图书 在豆瓣中查询图书


正题名:源头活水     索取号:I313.065/236         预约/预借

序号 登录号 条形码 馆藏地/架位号 状态 备注
1 0527129   205271294   第一样本阅览室/ [索取号:I313.065/236] 在馆    
2 0527130   205271301   第二借阅区/ [索取号:I313.065/236] 在馆    
3 0527131   205271310   第二借阅区/ [索取号:I313.065/236] 在馆    
4 0527132   205271329   第二借阅区/ [索取号:I313.065/236] 在馆    
唐山师范学院图书馆 欢迎您!
大连网信软件有限公司© 版权所有